000 01263nam a2200277Ia 4500
999 _c53864
_d53864
001 20915
003 GE_BSU
005 20221219113824.0
008 181216s2011||||ge |||||||||||||| ||geo||
020 _a9789941031717
040 _cGE_BSU
041 _ageo
080 _a616.89 გ–19
100 _aგამყრელიძე, აკაკი
_916470
245 _aაზარტომანია XXI საუკუნის ნარკომანია /
_c აკაკი გამყრელიძე, ირაკლი გიორგობიანი, შოთა გამყრელიძე ; [რედ. ზეინაბ გიორგაძე].
264 _aთბილისი :
_bგ.გ,
_c2011.
300 _a312გვ. ;
_b22სმ.
504 _aბიბლიოგრ.: გვ. 289-308
541 _h11ლ.24თ.
653 _aაზარტომანია.
653 _aლუდომანია.
700 _aგიორგობიანი, ირაკლი
_eავტორი
_916471
700 _aგამყრელიძე, შოთა
_eავტორი
_96606
700 _aგიორგაძე, ზეინაბ
_eრედაქტორი
_916472
942 _cBK
_2udc